| 000 | 00505nam a22002057a 4500 | ||
|---|---|---|---|
| 005 | 20251022125310.0 | ||
| 008 | 251022b |||||||| |||| 00| 0 eng d | ||
| 020 | _a9789353162597 | ||
| 040 | _cILCL | ||
| 041 |
_2eng _aeng |
||
| 084 | _aX Q4 | ||
| 100 |
_aDornbusch, Rudiger _9849207 |
||
| 245 | _aMacroeconomics | ||
| 250 | _a12 | ||
| 260 |
_aChennai _bMcGraw Hill _c2014 |
||
| 300 | _axix,652p. | ||
| 700 |
_aFischer, Stanley _9849208 |
||
| 700 |
_aStartz, Richard _9849209 |
||
| 942 |
_2CC _cTB |
||
| 999 |
_c1464970 _d1464970 |
||